000 00321nam a2200133Ia 4500
008 240624s9999 xx 000 0 und d
041 _aeng
082 _a050 STE
100 _aASH CAROLINE
245 _aTOP 10 OF EVERYTHING 2013
260 _c2012
_aNew York
_bSterling Publishing
300 _a256 : p.
365 _c
_b10
999 _c21788
_d21788